02345nam a2200253Ia 45000010005000000080041000050100009000460410014000550820013000692450187000822600013002693000008002825200007002906300024002976300022003216300027003436300016003706300024003866500039004107000044004497000037004937000041005305201520005711156241029s9999 xx 000 0 und d a1067 aEspañol aMCETE-39 0aPertinencia del Trabajo desarrollado por las escuelas comunitarias auspiciadas por Oné Respé en Comunidades Pobres Multiculturales de Familias Migrantes,Gurabo,Santiago 1999-2000 aSantiago a112 a31 aComunidad Educativa aDesarrollo Humano aIntegración Familiar aPertinencia aTrabajo Cooperativo aAdministración de la Educación easesoraPeña Ventura, Arnaldo Rafael  eautoraAlmonte Batista, Eleisida eautoraAlmonte Batista, Rosa María aLa investigación consistió en investigar sobre la pertinencia del trabajo desarrollo por las escuelas comunitarias auspiciadas por Oné Respé se pretende informar acerca de los aportes de algunas instituciones a la educación abordada sobre la base de la participación activa de los diferentes actores del proceso educativo, con miras al fortalecimiento de la democracia.La metodología fue descriptiva, bibliográfico y observación directa. Las conclusiones revelan que la comunidades multiculturales de Gurabo, está formada por migrantes de los campos aledaños, haitiano y pobladores nativos, es necesario promover la educación multicultural por la presencia cada vez mayor de grupos de diferentes etnias y cultura en un mismo país, la educación multicultural en República Dominicana está en su etapa inicial y está siendo promovida básicamente por organizaciones no gubernamentales que en comunidades pobladas por diferente cultura están sentando base mediante procesos de concientización.Por lo que se le recomienda para lograr mejores resultados respecto al desarrollo de la identidad cultural, el programa educativo debe contemplar más claramente elementos históricos y culturales sobre la República de Haití, ya que se trata de un programa intercultural, para que el proyecto logre desarrollar completamente la autonomía en los niños, las promotoras y la comunidad se debe promover acciones para reforzar la habilidad para solucionar problemas y la criticidad.